[Event "St Petersburg Blockade op"]
[Site "St Petersburg"]
[Date "2011.01.09"]
[Round "7"]
[White "Ljubarov, Mark"]
[Black "Semenenko, Sergey"]
[Result "0-1"]
[WhiteElo "2103"]
[BlackElo "2208"]
[PlyCount "102"]
[EventDate "2011.01.03"]
[EventType "swiss"]
[EventRounds "9"]
[EventCountry "RUS"]
[SourceTitle "CBM 140 Extra"]
[Source "ChessBase"]
[SourceDate "2011.03.01"]
[SourceVersion "1"]
[SourceVersionDate "2011.03.01"]
[SourceQuality "1"]

1. e4 c5 2. c3 d5 3. exd5 Qxd5 4. d4 Nf6 5. Nf3 Bg4 6. dxc5 Qxd1+ 7. Kxd1 e5 8. b4 e4 9. h3 Bh5 10. g4 Nxg4 11. hxg4 Bxg4 12. Be2 exf3 13. Bd3 Nc6 14. Kc2 Be7 15. Nd2 h5 16. Nc4 0-0 17. Bf4 g5 18. Rag1 Rfe8 19. b5 Nd8 20. Be5 f5 21. Bd4 Ne6 22. Ne3 Nxd4+ 23. cxd4 Rf8 24. c6 bxc6 25. bxc6 Rf6 26. Bc4+ Kg7 27. Kd3 Bd6 28. Ba6 Rd8 29. Nd5 Rf7 30. Rc1 Bc7 31. Kc4 f4 32. Nxc7 Rxc7 33. d5 Be6 34. dxe6 Rxc6+ 35. Kb4 Rxa6 36. Rc7+ Kg6 37. Re1 Re8 38. e7 g4 39. Rc4 Rf6 40. Rd4 Kf7 41. Rh1 Rf5 42. Rd6 Rxe7 43. Rh6 Kg7 44. R6xh5 Rxh5 45. Rxh5 Kg6 46. Rh4 Kg5 47. Rh8 g3 48. Rg8+ Kh4 49. a4 gxf2 50. Rh8+ Kg5 51. Rh1 Re1 0-1

[Event "St Petersburg Blockade op"]
[Site "St Petersburg"]
[Date "2011.01.06"]
[Round "4"]
[White "Semenenko, Sergey"]
[Black "Rutman, Aleksandr"]
[Result "0-1"]
[WhiteElo "2208"]
[BlackElo "2164"]
[PlyCount "102"]
[EventDate "2011.01.03"]
[EventType "swiss"]
[EventRounds "9"]
[EventCountry "RUS"]
[SourceTitle "CBM 140 Extra"]
[Source "ChessBase"]
[SourceDate "2011.03.01"]
[SourceVersion "1"]
[SourceVersionDate "2011.03.01"]
[SourceQuality "1"]

1. d4 d5 2. c4 c6 3. Nf3 Nf6 4. Nc3 e6 5. e3 Nbd7 6. Qc2 Bd6 7. Bd2 0-0 8. 0-0-0 c5 9. cxd5 exd5 10. Bd3 c4 11. Bf5 Nb6 12. h3 Bxf5 13. Qxf5 Bb4 14. Ne5 a5 15. f3 Bxc3 16. Bxc3 Na4 17. Ng4 Nxc3 18. Nxf6+ Qxf6 19. Qxf6 Nxa2+ 20. Kb1 gxf6 21. Kxa2 Rfe8 22. Rhe1 Ra6 23. e4 Rae6 24. g4 b5 25. e5 fxe5 26. dxe5 Rxe5 27. Rxe5 Rxe5 28. f4 Re2 29. Rxd5 b4 30. Rxa5 c3 31. Rc5 Rxb2+ 32. Ka1 Rh2 33. Rc4 Rxh3 34. Rxb4 Rg3 35. g5 f6 36. Rc4 fxg5 37. fxg5 Rxg5 38. Rxc3 Rb5 39. Rc7 h5 40. Ka2 h4 41. Rc4 Rh5 42. Kb3 Kf7 43. Rc1 h3 44. Rh1 Ke6 45. Kc3 Ke5 46. Kd3 Kf4 47. Ke2 Kg3 48. Rg1+ Kh4 49. Kf3 Rf5+ 50. Ke4 h2 51. Rg7 Rh5 0-1

[Event "St Petersburg Blockade op"]
[Site "St Petersburg"]
[Date "2011.01.05"]
[Round "3"]
[White "Palchun, Grigory"]
[Black "Semenenko, Sergey"]
[Result "0-1"]
[WhiteElo "2144"]
[BlackElo "2208"]
[PlyCount "72"]
[EventDate "2011.01.03"]
[EventType "swiss"]
[EventRounds "9"]
[EventCountry "RUS"]
[SourceTitle "CBM 140 Extra"]
[Source "ChessBase"]
[SourceDate "2011.03.01"]
[SourceVersion "1"]
[SourceVersionDate "2011.03.01"]
[SourceQuality "1"]

1. e4 c5 2. Nc3 d6 3. g3 Nc6 4. Bg2 g6 5. d3 Bg7 6. f4 Nf6 7. Nf3 0-0 8. 0-0 Rb8 9. h3 b5 10. a3 a5 11. g4 b4 12. axb4 axb4 13. Ne2 Bb7 14. Qe1 Ra8 15. Rb1 Nd7 16. f5 Nce5 17. Ng5 h6 18. Nf3 Nxf3+ 19. Bxf3 g5 20. Ng3 Ne5 21. Bg2 b3 22. Qe2 bxc2 23. Qxc2 Ba6 24. Rd1 Rb8 25. Nh5 Qb6 26. Nxg7 Kxg7 27. Be3 Qb3 28. Qd2 f6 29. Ra1 Qxd3 30. Qc1 Qc4 31. Qc3 Rb3 32. Qa5 Rxe3 33. Qxa6 Qxa6 34. Rxa6 Rb8 35. Ra7 Kf8 36. Rda1 Reb3 0-1

[Event "St Petersburg Blockade op"]
[Site "St Petersburg"]
[Date "2011.01.04"]
[Round "2"]
[White "Semenenko, Sergey"]
[Black "Gorjunov, Sergey"]
[Result "1-0"]
[WhiteElo "2208"]
[BlackElo "2058"]
[PlyCount "59"]
[EventDate "2011.01.03"]
[EventType "swiss"]
[EventRounds "9"]
[EventCountry "RUS"]
[SourceTitle "CBM 140 Extra"]
[Source "ChessBase"]
[SourceDate "2011.03.01"]
[SourceVersion "1"]
[SourceVersionDate "2011.03.01"]
[SourceQuality "1"]

1. d4 Nf6 2. c4 e6 3. Nc3 Bb4 4. e3 c5 5. Nge2 b6 6. a3 Ba5 7. g3 Bb7 8. d5 b5 9. Bg2 bxc4 10. 0-0 0-0 11. e4 exd5 12. e5 Ng4 13. f4 Nc6 14. Nxd5 d6 15. Nec3 Nh6 16. f5 Bxc3 17. bxc3 Nxe5 18. f6 Bxd5 19. Bxd5 Rb8 20. Qh5 Nhg4 21. fxg7 Kxg7 22. h3 Rb3 23. hxg4 Rxc3 24. Bf4 f6 25. Ra2 Kh8 26. Rh2 Qe7 27. g5 Qg7 28. gxf6 Rxf6 29. Qe8+ Rf8 30. Qxf8+ 1-0

[Event "St Petersburg Blockade op"]
[Site "St Petersburg"]
[Date "2011.01.03"]
[Round "1"]
[White "Safronov, Kirill"]
[Black "Semenenko, Sergey"]
[Result "0-1"]
[WhiteElo "1875"]
[BlackElo "2208"]
[PlyCount "108"]
[EventDate "2011.01.03"]
[EventType "swiss"]
[EventRounds "9"]
[EventCountry "RUS"]
[SourceTitle "CBM 140 Extra"]
[Source "ChessBase"]
[SourceDate "2011.03.01"]
[SourceVersion "1"]
[SourceVersionDate "2011.03.01"]
[SourceQuality "1"]

1. Nf3 c5 2. g3 b6 3. Bg2 Bb7 4. 0-0 Nf6 5. d3 g6 6. e4 Bg7 7. Nbd2 0-0 8. Qe2 d6 9. Re1 Nc6 10. c3 Qc7 11. Nf1 Rad8 12. Bd2 Ba6 13. Rab1 Ne5 14. c4 e6 15. a3 Nxf3+ 16. Qxf3 Nd7 17. Qe2 Ne5 18. f4 Nc6 19. Qd1 Nd4 20. Bc3 b5 21. Ne3 Qb6 22. Kh1 bxc4 23. Bxd4 Bxd4 24. Nxc4 Qc7 25. Qa4 Bxc4 26. dxc4 Rb8 27. Qc2 Qa5 28. Red1 Rb6 29. Rd3 e5 30. Rb3 Qa4 31. Rc3 Qa5 32. Rb3 Qa4 33. Rc3 Qxc2 34. Rxc2 Rfb8 35. Bh3 exf4 36. gxf4 Rb3 37. Bd7 Rxa3 38. bxa3 Rxb1+ 39. Kg2 Rb3 40. a4 a5 41. Bc6 Kg7 42. Re2 Be3 43. Kf3 Bc1+ 44. Kg2 Bxf4 45. Rf2 Be5 46. Bd5 f6 47. Bc6 h5 48. Rd2 h4 49. Bd7 Kf7 50. Rc2 Ke7 51. Bc6 h3+ 52. Kf1 Rb1+ 53. Ke2 Bxh2 54. Kf3 Be5 0-1

[Event "St Petersburg Blokadny op"]
[Site "St Petersburg"]
[Date "2010.01.09"]
[Round "7"]
[White "Semenenko, Sergey"]
[Black "Pimenov, Revolt"]
[Result "0-1"]
[WhiteElo "2223"]
[BlackElo "2241"]
[PlyCount "84"]
[EventDate "2010.01.03"]
[EventType "swiss"]
[EventRounds "9"]
[EventCountry "RUS"]
[SourceTitle "CBM 134 Extra"]
[Source "ChessBase"]
[SourceDate "2010.03.03"]
[SourceVersion "1"]
[SourceVersionDate "2010.03.03"]
[SourceQuality "1"]

1. d4 e6 2. c4 b6 3. Nc3 Bb7 4. a3 Nf6 5. d5 Bd6 6. g3 Be5 7. Bg2 Bxc3+ 8. bxc3 Na6 9. Nh3 Nc5 10. Nf4 Qe7 11. Be3 e5 12. Nd3 d6 13. 0-0 Nfd7 14. Bxc5 bxc5 15. Qa4 0-0 16. Qa5 Nb6 17. Nb2 f5 18. e3 e4 19. Rae1 a6 20. f4 exf3 21. Rxf3 Rae8 22. Bf1 Qe4 23. Rf2 g6 24. Bd3 Qe5 25. Bf1 h5 26. Nd3 Qg7 27. Nf4 Bc8 28. Rc2 Re4 29. Bd3 Nxc4 30. Qa4 Nb6 31. Qc6 Re7 32. Rcc1 Rfe8 33. Kf2 g5 34. Ng2 Qe5 35. h4 Bd7 36. Qb7 Bb5 37. c4 Ba4 38. hxg5 Qb2+ 39. Kf3 c6 40. Qxa6 Ra8 41. Rb1 Qxg2+ 42. Kxg2 Rxa6 0-1

[Event "St Petersburg Blokadny op"]
[Site "St Petersburg"]
[Date "2010.01.08"]
[Round "6"]
[White "Nikitinyh, Boris Aleksandrovic"]
[Black "Semenenko, Sergey"]
[Result "1/2-1/2"]
[WhiteElo "2267"]
[BlackElo "2223"]
[PlyCount "80"]
[EventDate "2010.01.03"]
[EventType "swiss"]
[EventRounds "9"]
[EventCountry "RUS"]
[SourceTitle "CBM 134 Extra"]
[Source "ChessBase"]
[SourceDate "2010.03.03"]
[SourceVersion "1"]
[SourceVersionDate "2010.03.03"]
[SourceQuality "1"]

1. e4 c5 2. Nf3 d6 3. Be2 Nf6 4. d3 g6 5. 0-0 Bg7 6. h3 0-0 7. Be3 Nc6 8. Nc3 b5 9. Nxb5 Rb8 10. Na3 Rxb2 11. Nc4 Rb8 12. Qd2 Ba6 13. e5 dxe5 14. Ncxe5 Nxe5 15. Nxe5 Ne4 16. Qe1 Bxe5 17. dxe4 Bxa1 18. Bxa6 Bd4 19. Bh6 Bg7 20. Be3 Qd6 21. Bc4 Bd4 22. Bh6 Rfd8 23. Kh1 Bg7 24. Be3 Rb4 25. Qe2 Qb6 26. Kh2 e6 27. f4 Bd4 28. Bd2 Rb1 29. Ba5 Qxa5 30. Rxb1 Qc7 31. Qf3 Rb8 32. Rxb8+ Qxb8 33. c3 Bg7 34. e5 g5 35. g3 Qb2+ 36. Kg1 Qa1+ 37. Kf2 Qb2+ 38. Ke1 Qa1+ 39. Kf2 Qb2+ 40. Kf1 Qa1+ 1/2-1/2

[Event "Novaya Ladoga"]
[Site "Novaya Ladoga"]
[Date "2009.07.13"]
[Round "9"]
[White "Anjuhin, Alex"]
[Black "Semenenko, Sergey"]
[Result "1/2-1/2"]
[WhiteElo "2362"]
[BlackElo "2217"]
[PlyCount "37"]
[EventDate "2009.07.05"]
[EventType "tourn"]
[EventRounds "9"]
[EventCountry "RUS"]
[SourceTitle "EXT 2021"]
[Source "ChessBase"]
[SourceDate "2020.10.23"]
[SourceVersion "1"]
[SourceVersionDate "2020.10.23"]
[SourceQuality "1"]

1. d4 Nf6 2. c4 e6 3. Nc3 Bb4 4. Qc2 c5 5. dxc5 Bxc5 6. Nf3 0-0 7. Bg5 a6 8. e3 Be7 9. Be2 d6 10. 0-0 Qc7 11. Rfd1 Nbd7 12. Rac1 b6 13. b3 Bb7 14. Qd2 Rfd8 15. Nd4 Rac8 16. Bf3 Re8 17. h3 Nc5 18. Bxb7 Qxb7 19. f3 1/2-1/2

[Event "Novaya Ladoga"]
[Site "Novaya Ladoga"]
[Date "2009.07.06"]
[Round "3"]
[White "Semenenko, Sergey"]
[Black "Marinin, Viktor"]
[Result "1-0"]
[WhiteElo "2217"]
[BlackElo "2014"]
[PlyCount "47"]
[EventDate "2009.07.05"]
[EventType "tourn"]
[EventRounds "9"]
[EventCountry "RUS"]
[SourceTitle "EXT 2021"]
[Source "ChessBase"]
[SourceDate "2020.10.23"]
[SourceVersion "1"]
[SourceVersionDate "2020.10.23"]
[SourceQuality "1"]

1. d4 c5 2. d5 g6 3. c4 b5 4. cxb5 a6 5. b6 d6 6. Nc3 Bg7 7. e4 Qxb6 8. Be2 Nf6 9. Nf3 0-0 10. Nd2 Nbd7 11. Nc4 Qc7 12. Bf4 Ne8 13. 0-0 Nb6 14. Ne3 e5 15. dxe6 fxe6 16. Bg3 Qe7 17. Qc2 Bb7 18. Rad1 Rd8 19. Qb3 Nc8 20. Bc4 d5 21. exd5 Ncd6 22. dxe6 Nxc4 23. Rxd8 Na5 24. Qb6 1-0

[Event "Novaya Ladoga"]
[Site "Novaya Ladoga"]
[Date "2009.07.05"]
[Round "1"]
[White "Semenenko, Sergey"]
[Black "Mukhin, Georgy"]
[Result "1/2-1/2"]
[WhiteElo "2217"]
[BlackElo "2302"]
[PlyCount "69"]
[EventDate "2009.07.05"]
[EventType "tourn"]
[EventRounds "9"]
[EventCountry "RUS"]
[SourceTitle "EXT 2021"]
[Source "ChessBase"]
[SourceDate "2020.10.23"]
[SourceVersion "1"]
[SourceVersionDate "2020.10.23"]
[SourceQuality "1"]

1. d4 Nf6 2. c4 g6 3. Nc3 Bg7 4. e4 d6 5. f3 Nc6 6. Be3 a6 7. Qd2 Rb8 8. Nge2 b5 9. cxb5 axb5 10. d5 Ne5 11. Nd4 b4 12. Ncb5 0-0 13. Rc1 e6 14. Nxc7 Rb7 15. Ndb5 exd5 16. Nxd5 Nxd5 17. Qxd5 Rd7 18. Be2 Bb7 19. Qb3 d5 20. 0-0 dxe4 21. fxe4 Nd3 22. Rcd1 Bxe4 23. a4 bxa3 24. bxa3 Be5 25. Kh1 Qh4 26. Bg1 Rfd8 27. Nc3 Ba8 28. Rxd3 Rxd3 29. Qxf7+ Kh8 30. Bxd3 Bxc3 31. Be2 Bg7 32. Qf4 Qe7 33. Bf3 Qxa3 34. Bxa8 Qxa8 35. Qf3 1/2-1/2

[Event "St Petersburg op"]
[Site "St Petersburg"]
[Date "2009.01.09"]
[Round "7"]
[White "Semenenko, Sergey"]
[Black "Kashtanov, Ruslan"]
[Result "1/2-1/2"]
[WhiteElo "2184"]
[BlackElo "2345"]
[PlyCount "26"]
[EventDate "2009.01.03"]
[EventType "swiss"]
[EventRounds "9"]
[EventCountry "RUS"]
[SourceTitle "EXT 2010"]
[Source "ChessBase"]
[SourceDate "2010.11.25"]
[SourceVersion "1"]
[SourceVersionDate "2010.11.25"]
[SourceQuality "1"]

1. d4 Nf6 2. c4 c5 3. d5 g6 4. Nc3 d6 5. Nf3 Bg7 6. h3 0-0 7. e4 e6 8. Bd3 Na6 9. 0-0 e5 10. Re1 h6 11. Bf1 Nh7 12. g3 Ng5 13. Nxg5 hxg5 1/2-1/2